Statystyki dla Cyfry Po Francusku

Kliknij tutaj aby rozwiązać quiz!

Ogólne statystyki

  • Ten quiz został rozwiązany 32 razy
  • Średni wynik to 13 z 20

Statystyki odpowiedzi

cyfryOdpowiedź% Poprawnych
1un
100%
2deux
90%
6six
80%
3trois
80%
5cinq
75%
10dix
75%
4quatre
75%
9neuf
70%
7sept
70%
12douze
65%
19dix-neuf
60%
8huit
60%
11onze
60%
14quatorze
60%
17dix-sept
55%
13treize
55%
18dix-huit
50%
15quinze
50%
16seize
50%
20vingt
50%

Rozkład punktacji

Percentyl według liczby udzielonych odpowiedzi

Procent ludzi z każdym wynikiem

Twoja historia wyników

Nie rozwiązałeś tego quizu